Cornelius : (Registro nro. 60480)

Detalles MARC
000 -CABECERA
Longitud fija campo de control 01096nam a2200349 c 4500
003 - • IDENTIFICADOR DELl NÚMERO DE CONTROL
Identificador del número de control SpMaBN
005 - • FECHA Y HORA DE LA ÚLTIMA TRANSACCIÓN
Fecha y hora de la última transacción 20260306143944.0
007 - • CAMPO FIJO DE DESCRIPCIÓN FÍSICA
Campo fijo de descripción física ta
008 - • CÓDIGOS DE INFORMACIÓN DE LONGITUD FIJA
Códigos de información de longitud fija 231214s2023 sp a | |||| 000 1 spa
017 ## - NÚMERO DE COPYRIGHT O DE DEPÓSITO LEGAL
Número de copyright o de depósito legal B 1591-2023
Agencia que asigna el número Oficina Depósito Legal Barcelona
020 ## - • NÚMERO INTERNACIONAL NORMALIZADO PARA LIBROS
Número Internacional Normalizado para Libros (ISBN) 9788492615391
040 ## - FUENTE DE LA CATALOGACIÓN
Centro catalogador de origen SpMaBN
Lengua de catalogación spa
Centro transcriptor SpMaBN
Normas de descripción rda
080 ## - NÚMERO DE LA CLASIFICACIÓN DECIMAL UNIVERSAL
Número de la Clasificación Decimal Universal 821.134.2-91"20"
080 ## - NÚMERO DE LA CLASIFICACIÓN DECIMAL UNIVERSAL
Número de la Clasificación Decimal Universal 741.52
084 ## - • Clasificación Local Alfanúmerica PNLB
Número de clasificación H TOR
100 1# - • PUNTO DE ACCESO PRINCIPAL-NOMBRE DE PERSONA
Nombre de persona Torices, Marc
Fechas asociadas al nombre 1989-
Término indicativo de función dibujante
-- autor
245 13 - • TITULO PROPIAMENTE DICHO
Título Cornelius :
Resto del título la alegre vida del triste perro/
Mención de responsabilidad, etc. Marc Torices
250 ## - • MENCIÓN DE EDICIÓN
Mención de edición Segunda edición: septiembre de 2023
264 #1 - PRODUCCIÓN, PUBLICACIÓN , DISTRIBUCIÓN, FABRICACIÓN Y COPYRIGHT
Lugar de producción, publicación, distribución, fabricación [Barcelona]
Nombre del productor, editor, distribuidor, fabricante Apa-Apa Comics,
Fecha de de producción, publicación, distribución, fabricación o copyright [2023]
264 #4 - PRODUCCIÓN, PUBLICACIÓN , DISTRIBUCIÓN, FABRICACIÓN Y COPYRIGHT
Fecha de de producción, publicación, distribución, fabricación o copyright ©2023
300 ## - • DESCRIPCIÓN FÍSICA
Extensión 392 páginas sin numerar
Otras características físicas principalmente ilustraciones (blanco y negro y color)
Dimensiones 27 cm
336 ## - TIPO DE CONTENIDO
Término de tipo de contenido Imagen fija
-- Texto
Fuente rdacontent
Código de tipo de contenido txt
337 ## - TIPO DE MEDIO
Nombre del tipo de medio sin mediación
Fuente rdamedia
Código del tipo de medio n
338 ## - TIPO DE SOPORTE
Nombre del tipo de soporte volumen
Fuente rdacarrier
Código del tipo de soporte nc
490 0# - • MENCIÓN DE SERIE
Mención de serie Cornelius
Designación de volumen o secuencia [1]
650 ## - • PUNTO DE ACCESO ADICIONAL DE MATERIA - TÉRMINO DE MATERIA
Fuente del encabezamiento o término LEMB
655 #7 - • TÉRMINO DE INDIZACIÓN - GÉNERO/FORMA
Datos o término principal de género/forma Cómics de animales humanizados
9 (RLIN) 68784
655 #7 - • TÉRMINO DE INDIZACIÓN - GÉNERO/FORMA
Datos o término principal de género/forma Cómics sociales
9 (RLIN) 68780
942 ## - ENTRADA DE ELEMENTOS AGREGADOS (KOHA)
Fuente de clasificaión o esquema Dewey Decimal Classification
Koha [por defecto] tipo de item LIbro
956 ## - LOCALIZACIÓN Y ACCESO ELECTRÓNICO LOCAL (OCLC)
Nombre de la fuente 2
Existencias
Perdido Fuente de clasificación o esquema Estado Físico No para préstamo Forma de adquisición Localización permanente Localización actual Localización en estanterías Fecha adquisición Préstamos totales Signatura completa Código de barras Fecha última consulta Número de copia Fecha del precio de reemplazo Tipo de item de Koha Fuente de adquisición Calificador de ubicación codificada
  Dewey Decimal Classification     Infantil Biblioteca Pública Dorado Biblioteca Pública Dorado Sala Infantil 02/17/2026   741.52 DOR03281 02/17/2026 Ej.1 02/17/2026 LIbro    
  Dewey Decimal Classification       Biblioteca Pública José Eustasio Rivera - San Martin Biblioteca Pública José Eustasio Rivera - San Martin   03/11/2026   H TOR SM04471 03/11/2026 Ej.1 03/11/2026 LIbro    
  Dewey Decimal Classification     Infantil Biblioteca Pública Puerto Lleras Biblioteca Pública Puerto Lleras   03/13/2026   741.5 T693a PLL00660 03/13/2026 Ej.1 03/13/2026 LIbro    
  Dewey Decimal Classification     Infantil Biblioteca Pública Puerto López - Jorge Eliecer Gaitán Biblioteca Pública Puerto López - Jorge Eliecer Gaitán Sala Infantil 02/14/2026   741.52 PLZ01788 02/14/2026 Ej.1 02/14/2026 Libro Infantil    
  Dewey Decimal Classification     Colección General Biblioteca Pública San Carlos de Guaroa - Eduardo Carranza Biblioteca Pública San Carlos de Guaroa - Eduardo Carranza Literatura 04/09/2026   H TOR SG04474 04/09/2026 Ej.1 04/09/2026 LIbro    
  Dewey Decimal Classification     Infantil Biblioteca Pública Guamal Biblioteca Pública Guamal Sala Infantil 03/06/2026   NG TOR GUA005057 03/06/2026 Ej.1 03/06/2026 Literatura Infantil    
  Dewey Decimal Classification       Biblioteca Pública Mesetas - Franco lodo Poloxi Biblioteca Pública Mesetas - Franco lodo Poloxi Sala Infantil 02/20/2026   741.5 TE939 ME02450 02/20/2026 Ej.1 02/20/2026 LIbro    
  Dewey Decimal Classification     Colección General Biblioteca Pública Rural El Yarí- vereda Playa Rica La Macarena Biblioteca Pública Rural El Yarí- vereda Playa Rica La Macarena Sala Infantil 04/20/2026   H TOR 9788492615391 05/11/2026 Ej.1 05/11/2026 LIbro Instituto Departamental de Cultura del Meta 9788492615391
  Clasificación Local Facetada     Literatura General Biblioteca Pública San Juanito - Ernesto Maria Peña Romero Biblioteca Pública San Juanito - Ernesto Maria Peña Romero Literatura 03/13/2026   H TOR SJU02994 03/13/2026 Ej.1 03/13/2026 Libro Literatura    









Instituto Departamental de Cultura del Meta - Red Departamental de Bibliotecas Públicas del Meta.